|
|
|
|
| LEADER |
00000nam0a2200000 4500 |
| 001 |
174300 |
| 005 |
20240131140348.0 |
| 035 |
|
|
|a (RuTPU)RU\TPU\book\189014
|
| 090 |
|
|
|a 174300
|
| 100 |
|
|
|a 20100126d2009 k y0rusy50 ca
|
| 101 |
0 |
|
|a rus
|
| 102 |
|
|
|a RU
|
| 105 |
|
|
|a a dm 001zy
|
| 200 |
1 |
|
|a Твердофазный синтез литиевых ферритов в пучке ускоренных электронов
|e автореферат диссертации на соискание ученой степени кандидата технических наук
|e спец. 05.17.11
|f О. В. Гальцева
|g Томский политехнический университет (ТПУ), Проблемная научно-исследовательская лаборатория электроники, диэлектриков и полупроводников ; науч. рук. А. П. Суржиков
|
| 210 |
|
|
|a Томск
|d 2009
|
| 215 |
|
|
|a 22 с.
|c ил.
|
| 300 |
|
|
|a Защита сост. 19.01.2010 г.
|
| 320 |
|
|
|a Библиогр.: с. 19-21 (21 назв.).
|
| 452 |
|
1 |
|0 (RuTPU)RU\TPU\book\190841
|t Твердофазный синтез литиевых ферритов в пучке ускоренных электронов
|o автореферат диссертации на соискание ученой степени кандидата технических наук
|f О. В. Гальцева
|g Томский политехнический университет (ТПУ), Проблемная научно-исследовательская лаборатория электроники, диэлектриков и полупроводников ; науч. рук. А. П. Суржиков
|o спец. 05.17.11
|c Томск
|d 2009
|a Гальцева, Ольга Валерьевна
|
| 606 |
1 |
|
|a Керамика ферритовая
|2 stltpush
|3 (RuTPU)RU\TPU\subj\58926
|9 76608
|
| 606 |
1 |
|
|a Ферриты спеченные
|x Производство
|2 stltpush
|3 (RuTPU)RU\TPU\subj\63611
|9 80599
|
| 610 |
1 |
|
|a оксидные материалы
|
| 610 |
1 |
|
|a синтез
|
| 610 |
1 |
|
|a литиевые ферриты
|
| 610 |
1 |
|
|a твердофазные реакции
|
| 610 |
1 |
|
|a кинетическое описание
|
| 610 |
1 |
|
|a термический синтез
|
| 610 |
1 |
|
|a обжиг
|
| 610 |
1 |
|
|a реакционные смеси
|
| 610 |
1 |
|
|a пентаферрит лития
|
| 610 |
1 |
|
|a радиационно-термические воздействия
|
| 610 |
1 |
|
|a фазовые превращения
|
| 610 |
1 |
|
|a термический режим
|
| 610 |
1 |
|
|a авторефераты диссертаций
|
| 610 |
1 |
|
|a труды учёных ТПУ
|
| 675 |
|
|
|a 666.65(04)
|v 3
|
| 675 |
|
|
|a 621.762.5(04)
|v 3
|
| 686 |
|
|
|a 05.17.11
|2 oksvnk
|
| 700 |
|
1 |
|a Гальцева
|b О. В.
|c специалист в области электротехники
|c доцент Томского политехнического университета, кандидат технических наук
|f 1979-
|g Ольга Валерьевна
|3 (RuTPU)RU\TPU\pers\29653
|9 14166
|
| 702 |
|
1 |
|a Суржиков
|b А. П.
|c физик
|c профессор Томского политехнического университета, доктор физико-математических наук
|f 1951-
|g Анатолий Петрович
|3 (RuTPU)RU\TPU\pers\22010
|4 727
|9 9307
|
| 712 |
0 |
2 |
|a Томский политехнический университет (ТПУ)
|b Проблемная научно-исследовательская лаборатория электроники, диэлектриков и полупроводников
|c (1991- )
|3 (RuTPU)RU\TPU\col\376
|
| 801 |
|
1 |
|a RU
|b 63413507
|c 20100126
|
| 801 |
|
2 |
|a RU
|b 63413507
|c 20121212
|g RCR
|
| 942 |
|
|
|c BK
|